00483 2200205 4500001002100000008004100021035002000062245004100082100002000123250000600143260003300149300001100182084001400193082000800207650001400215990001200229990001200241990001200253990001200265INLIS000000000000540 ind  a0010-0424000516 aMemilih Bahan BusanacNoor Fitrihana aFitrihana, Noor a1 aKlaten :bIntan Sejatic2011 a76 hlm a600 NOO m a600 aNon Fiksi a0722188 a0722189 a0722190 a0722191